Normal view MARC view
  • Erasmo,

Entry Nombre Personal

Number of records used in: 3

001 - NUMERO DE CONTROL

  • campo de control: 28358

003 - IDENTIFICADOR DE NUMERO DE CONTROL

  • campo de control: UPN

005 - FECHA Y HORA DE LA ÜLTIMA TRANSACCIÓN

  • campo de control: 20220630200738.0

008 - DATOS DE LONGITUD FIJA

  • campo de control de longitud fija: nabaccnnaabn|||||||||| b |nc|||||d

035 ## - NUMERO DE CONTROL

  • Número de control: UPN11000000464

040 ## - FUENTE DE CATALOGACIÓN

  • Lenguaje de catalogación: SPA
  • Agencia de transcripción: UPN

100 0# - ENCABEZAMIENTO - NOMBRE PERSONAL

  • Nombre personal: Erasmo,
  • Títulos u otras palabras asociadas al nombre: de Rotterdam,
  • Fechas asociadas con el nombre: m. 1536

400 1# - VEÁSE - NOMBRE DE PERSONA

  • Personal name: Erasmus, Desiderius,
  • Dates associated with a name: m. 1536

400 1# - VEÁSE - NOMBRE DE PERSONA

  • Personal name: Rotterdam, Erasmo de,
  • Dates associated with a name: m. 1536

670 ## - FUENTE EN LA QUE SE LOCALIZARON DATOS

  • Cita de la fuente: T/P
  • Información localizada: Salvat universal

680 ## - NOTA PUBLICA DE ACCESO PÚBLICO

  • Frase explicativa de la referencia: Humanista holandés

902 ## - CATALOGADOR

  • Catalogador: DAA/221007